Historia natural / (Registro nro. 24150)
[ vista simple ]
| 000 -CABECERA | |
|---|---|
| campo de control de longitud fija | 00821nam a2200181 a 4500 |
| 001 - NÚMERO DE CONTROL | |
| campo de control | 000024657 |
| 005 - FECHA Y HORA DE LA ÚLTIMA TRANSACCIÓN | |
| campo de control | 20200930023307.0 |
| 008 - DATOS DE LONGITUD FIJA--INFORMACIÓN GENERAL | |
| campo de control de longitud fija | 100127s1891 dr 000 0 spa d |
| 040 ## - FUENTE DE LA CATALOGACIÓN | |
| Centro catalogador/agencia de origen | DO-SdBNP |
| 100 1# - ENTRADA PRINCIPAL--NOMBRE DE PERSONA | |
| Nombre de persona | Claus, Carl Friedrich Wilhelm, |
| Fechas asociadas al nombre | 1835-1899. |
| 9 (RLIN) | 50571 |
| 245 10 - MENCIÓN DE TÍTULO | |
| Título | Historia natural / |
| Mención de responsabilidad, etc. | Zoología, por el doctor C. Claus ; traducida de la última edición alemana por el doctor Don Luis de Góngora y ampliada en la parte descriptiva de los diversos animales con presencia de las obras de los más notables zoólogos modernos. |
| 260 ## - PUBLICACIÓN, DISTRIBUCIÓN, ETC. | |
| Lugar de publicación, distribución, etc. | Barcelona : |
| Nombre del editor, distribuidor, etc. | Montaner y Simón, 1891, |
| Fecha de publicación, distribución, etc. | 1891. |
| 300 ## - DESCRIPCIÓN FÍSICA | |
| Extensión | v., h. de lám.) : |
| Otras características físicas | : il. ; |
| Dimensiones | 25 cm. |
| 500 ## - NOTA GENERAL | |
| Nota general | Novísima ed. profusamente ilustrada |
| 500 ## - NOTA GENERAL | |
| Nota general | Incluye notas al pie de las páginas |
| 505 2# - NOTA DE CONTENIDO CON FORMATO | |
| Información miscelánea | v. II : |
| Título | Zoología |
| 700 0# - PUNTO DE ACCESO ADICIONAL--NOMBRE DE PERSONA | |
| Nombre de persona | Góngora, Luis de |
| 9 (RLIN) | 50572 |
| Estado de retiro | Estado de pérdida | Restricciones de uso | No para préstamo | Localización permanente | Ubicación/localización actual | Ubicación en estantería | Fecha de adquisición | Número de inventario | Total de préstamos | Signatura topográfica completa | Código de barras | Fecha visto por última vez | Precio válido a partir de | Tipo de ítem Koha |
|---|---|---|---|---|---|---|---|---|---|---|---|---|---|---|
| Préstamo restringido | General | General | Orden iniciada | 11.10.2012 | LF1 | 24657-40 | 25.06.2020 | 25.06.2020 | Préstamo restringido |
